Statistics for Clubs of football icons - 2

Click here to take the quiz!

General Stats

  • This quiz has been taken 81 times
  • The average score is 19 of 39

Answer Stats

PlayerFootball ClubYears in club% Correct
Gheorghe HagiBarcelona1994-96
99%
Ronaldo (Brazilian)Barcelona1996-97
99%
Luís FigoBarcelona1995-2000
99%
Didier DrogbaChelsea2014-15
99%
Didier DrogbaChelsea2004-12
99%
Gheorghe HagiReal Madrid1990-92
99%
Luís FigoReal Madrid2000-05
99%
Ronaldo (Brazilian)Real Madrid2002-07
99%
Luís FigoInter Milan2005-09
97%
Ronaldo (Brazilian)Inter Milan1997-2002
97%
Son Heung-minTottenham Hotspur2015- ...
97%
Ronaldo (Brazilian)AC Milan2007-08
87%
Luís FigoSporting CP1985-95
76%
Didier DrogbaOlympique de Marseille2003-04
72%
Ronaldo (Brazilian)PSV Eindhoven1994-96
64%
Didier DrogbaGalatasaray2013-14
55%
Gheorghe HagiGalatasaray1996-2001
55%
Son Heung-minBayer Leverkusen2013-15
54%
Gheorghe HagiSteaua București1987-90
51%
Son Heung-minHamburger SV2008-13
45%
Ronaldo (Brazilian)Corinthians2009-11
31%
Ronaldo (Brazilian)Cruzeiro1993-94
30%
Didier DrogbaMontreal Impact2015-16
27%
Son Heung-minFC Seoul2008 (youth)
21%
Didier DrogbaEA Guingamp2002-03
16%
Didier DrogbaShanghai Shenhua2012-13
15%
Didier DrogbaLe Mans1997-2002
9%
Didier DrogbaPhoenix Rising2017-18
9%
Gheorghe HagiLuceafărul București1980-81 (youth)
7%
Gheorghe HagiBrescia1992-94
6%
Gheorghe HagiFarul Constanța1981-83
6%
Gheorghe HagiFarul Constanța1975-80 (youth)
6%
Didier DrogbaLevallois SC1993-97 (youth)
6%
Gheorghe HagiSportul Studențesc1983-87
6%
Didier DrogbaVannes OC1991-93 (youth)
6%
Ronaldo (Brazilian)São Cristóvão1990-93 (youth)
4%
Luís FigoOs Pastilhas1984-85 (youth)
3%
Didier DrogbaSC Abbeville1989-91 (youth)
3%
Didier DrogbaUS Tourcoing1988-89 (youth)
3%

Score Distribution

Percentile by Number Answered

Percent of People with Each Score

Your Score History

You have not taken this quiz